Současný stav vynálezectví a zlepšovatelství a nová úprava [sborník příspěvků]

Bibliographic Details
Format: Book
Language:Czech
PhysicalDescription:127, [1] s. 8°
Published: Pardubice Dům techn. ČSVTS 1989
ISBN:8002998510
Subjects:

MARC

LEADER 00000nam a2200000 a 4500
001 vtls001316417
003 SK-MaSNL
005 20260301235405.0
008 210928s1989 xr 0 cze
020 |a 8002998510 
035 |a SNK000268924 
040 |a SNK  |b slo  |c SNK  |e AACR2 
041 0 |a cze 
044 |a CZ 
080 |a 347.77(082)  |2 1981 
245 1 |a Současný stav vynálezectví a zlepšovatelství a nová úprava  |b [sborník příspěvků]  |c kol. autorů 
260 |a Pardubice  |b Dům techn. ČSVTS  |c 1989 
300 |a 127, [1] s.  |c 8° 
650 0 7 |a vynálezcovstvo  |x predpisy právne  |x zborníky  |2 SNK  |9 632582 
650 0 7 |a zlepšovateľstvo  |x predpisy právne  |x zborníky  |2 SNK  |9 632583 
919 |a 80-02-99851-0 
958 |a RK 
958 |a OND 
999 |c 974871  |d 976801 
952 |t P60, <04>, [BOOK], {604}  |a SNK  |b SNK  |y VYP  |7 0  |o snkIC 114544  |i snkKIP 4933/90  |0 0  |1 0  |4 0  |d 1998-01-15  |l 0  |r 2005-01-02 00:00:00  |w 2026-02-24